Statistics for 2019 Oscar Nominees

Click here to take the quiz!

General Stats

  • This quiz has been taken 409 times
    (357 since last reset)
  • The average score is 14 of 33

Answer Stats

NMovieW% Correct
5Green Book3
93%
10Roma3
85%
5Bohemian Rhapsody4
83%
8A Star Is Born1
82%
7Black Panther3
82%
10The Favourite1
80%
6BlackkKlansman1
67%
8Vice1
64%
1Spider-Man: Into
the Spider-Verse
1
61%
1Avengers: Infinity War0
59%
3If Beale Street
Could Talk
1
54%
3Cold War0
50%
1Incredibles 20
46%
1The Wife0
43%
4First Man1
42%
3Can You Ever
Forgive Me?
0
41%
2Isle of Dogs0
36%
1At Eternity's Gate0
34%
1Solo: A Star Wars Story0
32%
4Mary Poppins Returns0
29%
1Shoplifters0
28%
1Ralph Breaks the Internet0
27%
3The Ballad of
Buster Scruggs
0
27%
2Mary Queen of Scots0
26%
1A Quiet Place0
25%
1First Reformed0
20%
1Mirai0
20%
1Ready Player One0
20%
1Christopher Robin0
19%
2Never Look Away0
18%
1RBG0
18%
1Capernaum0
17%
1Border0
16%

Score Distribution

Percentile by Number Answered

Percent of People with Each Score

Your Score History

You have not taken this quiz since the last reset